|
|
|
|
| LEADER |
01061nam a2200241 a 4500 |
| 003 |
BD-DhAAL |
| 008 |
090511s1980 enka b 101 0 eng d |
| 020 |
|
|
|a 0903031728
|
| 040 |
|
|
|a BD-DhAAL
|c BD-DhAAL
|
| 082 |
0 |
0 |
|a 628.4
|
| 245 |
0 |
0 |
|a Rural sanitation :
|b planning and appraisal : an Oxfam document /
|c Arnold Pacey.
|
| 260 |
|
|
|a London :
|b Intermediate Tecnology Publication,
|c c1980.
|
| 300 |
|
|
|a 68 pages :
|b illustrations :
|c 22 cm.
|
| 504 |
|
|
|a Includes bibliography.
|
| 541 |
1 |
|
|e 00003936
|
| 650 |
|
0 |
|a Sanitary engineering.
|9 59783
|
| 650 |
|
0 |
|a Civil engineering.
|
| 700 |
1 |
|
|a Pacey, Arnold.
|9 59784
|
| 710 |
2 |
|
|a Oxfam.
|
| 710 |
2 |
|
|a London School of Hygiene and Tropical Medicine.
|b Ross Institute of Tropical Hygiene.
|9 59785
|
| 942 |
|
|
|2 ddc
|c BK
|
| 999 |
|
|
|c 576
|d 576
|
| 952 |
|
|
|0 0
|1 0
|2 ddc
|4 0
|6 628_400000000000000_PAC
|7 0
|8 NFIC
|9 526
|a BRACUL
|b BRACUL
|c GEN
|d 2009-05-11
|g 0.00
|l 1
|o 628.4 PAC
|p 3010003936
|r 2015-07-07
|s 2015-07-01
|t 1
|w 2009-05-11
|y BK
|x No price found in the accession register ; Koha Inventory 2020 ; Previously missing book recovered on 03 November 2025.
|